| 000 | 00555nam a2200181Ia 4500 | ||
|---|---|---|---|
| 003 | GCL | ||
| 008 | 140319s9999 xx 000 0 ara d | ||
| 040 |
_aGCL / _cGCL |
||
| 082 | 0 | 4 |
_a070.962 _bس ف |
| 100 | 1 | _aمحمد حسنين هيكل | |
| 245 | 1 | 0 |
_aفى دهاليز الصحافة / _cمحمد حسنين هيكل |
| 700 | 1 | _aسمير صبحى | |
| 300 | _a194 ص | ||
| 490 |
_aالهيئة العامة للاستعلامات _v0 |
||
| 650 | 0 | 4 | _aالصحافة المصرية |
| 650 | 0 | 4 | _aالصحفيون المصريون |
| 942 |
_2ddc _cBK |
||
| 999 |
_c52161 _d52161 |
||